[Event "EU-ch Seniors rap"]
[Site "Plovdiv"]
[Date "2013.03.20"]
[Round "5"]
[White "Abramovic, Bosko"]
[Black "Archangelsky, Mikhail"]
[Result "1-0"]
[WhiteElo "2469"]
[BlackElo "2180"]
[PlyCount "45"]
[EventDate "2013.03.20"]
[EventType "swiss (rapid)"]
[EventRounds "9"]
[EventCountry "BUL"]
[SourceTitle "EXT 2014"]
[Source "ChessBase"]
[SourceDate "2013.11.20"]
[SourceVersion "1"]
[SourceVersionDate "2013.11.20"]
[SourceQuality "1"]

1. c4 c6 2. d4 d5 3. cxd5 cxd5 4. Nc3 Nf6 5. Nf3 Nc6 6. Bf4 a6 7. Rc1 Bf5 8. Ne5 Rc8 9. e3 e6 10. Qb3 Qe7 11. Be2 Qb4 12. 0-0 Qxb3 13. axb3 Na5 14. Na4 Rd8 15. g4 Bg6 16. Nxg6 hxg6 17. Bc7 Nxb3 18. Rc3 Nd2 19. Bxd8 Kxd8 20. Rfc1 Nc4 21. Bxc4 dxc4 22. Rxc4 b5 23. Rc8+ 1-0

[Event "EU-ch Seniors 13th"]
[Site "Plovdiv"]
[Date "2013.03.19"]
[Round "9"]
[White "Archangelsky, Mikhail"]
[Black "Mayer Schwartz, Rene"]
[Result "1-0"]
[WhiteElo "2180"]
[BlackElo "2066"]
[PlyCount "90"]
[EventDate "2013.03.11"]
[EventType "swiss"]
[EventRounds "9"]
[EventCountry "BUL"]
[SourceTitle "CBM 153 Extra"]
[Source "ChessBase"]
[SourceDate "2013.04.22"]
[SourceVersion "1"]
[SourceVersionDate "2013.04.22"]
[SourceQuality "1"]

1. d4 Nf6 2. Nf3 d6 3. c4 Nbd7 4. Nc3 e5 5. e4 g6 6. Be3 Bg7 7. h3 0-0 8. d5 h6 9. g4 Kh7 10. Be2 Nc5 11. Nd2 a5 12. h4 Kg8 13. g5 hxg5 14. hxg5 Nh7 15. Nf3 Bd7 16. Qd2 a4 17. 0-0-0 f5 18. gxf6 Nxf6 19. Ng5 Qe7 20. Rdg1 Ra6 21. Rg2 Rb6 22. Rhg1 a3 23. bxa3 Ra6 24. Bxc5 dxc5 25. Ne6 Bxe6 26. Rxg6 Rf7 27. dxe6 Rxe6 28. Qh6 Qf8 29. Nd5 Nxd5 30. exd5 Rxg6 31. Qxg6 Rxf2 32. Bd3 Qf7 33. Qh7+ Kf8 34. Qh3 Rf3 35. Qc8+ Qe8 36. Qxe8+ Kxe8 37. Rxg7 Rxd3 38. Kc2 Rxa3 39. Rxc7 Rxa2+ 40. Kb3 Ra5 41. Rxb7 e4 42. d6 Ra6 43. Re7+ Kd8 44. Rxe4 Rxd6 45. Re5 Re6 1-0

[Event "EU-ch Seniors 13th"]
[Site "Plovdiv"]
[Date "2013.03.18"]
[Round "8"]
[White "Wahlstedt, Mats"]
[Black "Archangelsky, Mikhail"]
[Result "0-1"]
[WhiteElo "1984"]
[BlackElo "2180"]
[PlyCount "98"]
[EventDate "2013.03.11"]
[EventType "swiss"]
[EventRounds "9"]
[EventCountry "BUL"]
[SourceTitle "CBM 153 Extra"]
[Source "ChessBase"]
[SourceDate "2013.04.22"]
[SourceVersion "1"]
[SourceVersionDate "2013.04.22"]
[SourceQuality "1"]

1. e4 d5 2. exd5 Qxd5 3. Nf3 Nf6 4. d4 Bg4 5. Be2 Nc6 6. h3 Bh5 7. Bf4 0-0-0 8. c3 e6 9. Nbd2 h6 10. Bc4 Bxf3 11. Qxf3 Qxf3 12. Nxf3 Bd6 13. Bxd6 cxd6 14. 0-0 Ne7 15. Rfe1 Kc7 16. Bf1 Rb8 17. c4 Kd7 18. a3 Rhc8 19. Rac1 b6 20. b4 Rc7 21. Rc2 a5 22. Rb1 axb4 23. Rxb4 Ra7 24. a4 Nc6 25. Rb1 Rxa4 26. c5 Rb4 27. Ra1 bxc5 28. dxc5 d5 29. g3 Ne4 30. Ne1 Rb1 31. Rc1 Rxc1 32. Rxc1 Kc7 33. g4 Rb3 34. f3 Rc3 35. Rxc3 Nxc3 36. f4 Nb4 37. Nf3 Nc6 38. Bd3 f6 39. Kf2 Na4 40. g5 Nxc5 41. Bb1 hxg5 42. fxg5 Kd6 43. gxf6 gxf6 44. Bg6 e5 45. h4 e4 46. h5 exf3 47. h6 Ne5 48. Bf5 Ne4+ 49. Ke3 f2 0-1

[Event "EU-ch Seniors 13th"]
[Site "Plovdiv"]
[Date "2013.03.15"]
[Round "5"]
[White "Archangelsky, Mikhail"]
[Black "Ozbilen, Hayri"]
[Result "0-1"]
[WhiteElo "2180"]
[BlackElo "2007"]
[PlyCount "110"]
[EventDate "2013.03.11"]
[EventType "swiss"]
[EventRounds "9"]
[EventCountry "BUL"]
[SourceTitle "CBM 153 Extra"]
[Source "ChessBase"]
[SourceDate "2013.04.22"]
[SourceVersion "1"]
[SourceVersionDate "2013.04.22"]
[SourceQuality "1"]

1. d4 Nf6 2. Nf3 d5 3. e3 c6 4. c4 e6 5. b3 Nbd7 6. Bd3 Bd6 7. Bb2 Qe7 8. Nbd2 e5 9. dxe5 Nxe5 10. Nxe5 Bxe5 11. Bxe5 Qxe5 12. 0-0 0-0 13. cxd5 Nxd5 14. Nc4 Qe7 15. Qh5 Nf6 16. Qh4 Qb4 17. g3 Re8 18. Rfd1 Be6 19. a3 Qf8 20. b4 Rad8 21. Na5 Qe7 22. Bc2 h6 23. Nb3 Bg4 24. Rd4 Rxd4 25. Nxd4 c5 26. bxc5 Qxc5 27. a4 Qf8 28. h3 g5 29. Qxg4 Nxg4 30. hxg4 Qc5 31. Rb1 Rd8 32. Rb5 Qa3 33. Kg2 Qc3 34. Bb3 Rd7 35. Rf5 Kg7 36. Bd5 b6 37. Nf3 Qc5 38. e4 Re7 39. Ne5 f6 40. Nc6 Rd7 41. Nb8 Rd6 42. Na6 Qc3 43. Rf3 Qc8 44. Nb4 a5 45. Na2 Qxg4 46. Nc3 h5 47. Nb5 h4 48. Rc3 Rd7 49. Nc7 h3+ 50. Kh2 Qe2 51. Kxh3 Kg6 52. Kg2 Rh7 53. Rc1 g4 54. Rg1 Qf3+ 55. Kf1 Rh2 0-1